Experiments in engineering physics: a laboratory manual and workbook with viva voce -- 3rd ed. (Record no. 62943)

MARC details
000 -LEADER
fixed length control field 01108nam a2200229 a 4500
008 - FIXED-LENGTH DATA ELEMENTS--GENERAL INFORMATION
fixed length control field 080916s2003 ||||||||||||||||| || u
020 ## - INTERNATIONAL STANDARD BOOK NUMBER
International Standard Book Number 8121912237
050 ## - LIBRARY OF CONGRESS CALL NUMBER
Classification number QC 35 Ava
100 ## - MAIN ENTRY--PERSONAL NAME
Personal name Avadhanula, M.N
245 10 - TITLE STATEMENT
Title Experiments in engineering physics: a laboratory manual and workbook with viva voce -- 3rd ed.
Statement of responsibility, etc. M.N. Avadhanulu; A.A. Dani; P.M. Pokley
250 ## - EDITION STATEMENT
Edition statement 3rd ed.
260 ## - PUBLICATION, DISTRIBUTION, ETC.
Place of publication, distribution, etc. New Delhi
Name of publisher, distributor, etc. S. Chand
Date of publication, distribution, etc. 2003
300 ## - PHYSICAL DESCRIPTION
Extent xviii, 244p.: ill.
350 ## -
-- 36500.00
650 ## - SUBJECT ADDED ENTRY--TOPICAL TERM
Topical term or geographic name entry element PHYSICS--HANDBOOKS, MANUALS, ETC
650 #7 - SUBJECT ADDED ENTRY--TOPICAL TERM
Topical term or geographic name entry element SCIENCE
Source of heading or term fast
700 ## - ADDED ENTRY--PERSONAL NAME
Personal name Dani, A.A
700 ## - ADDED ENTRY--PERSONAL NAME
Personal name Pokley, P.M
995 ## -
-- MAIN LIBRARY OPEN ACCESS
-- 0.00
-- 738605
-- CBU-MAIN LIBRARY (Kitwe)
-- 1
-- 0.00
-- QC 35 Ava
-- 2
-- AVAILABLE
-- Sep 18, 2008
-- 738605
-- Main Library Open Access Collection
995 ## -
-- BINDERY (DAMAGED)
-- 0.00
-- 738604
-- CBU-MAIN LIBRARY (Kitwe)
-- 1
-- 0.00
-- QC 35 Ava
-- 1
-- DAMAGED
-- Sep 18, 2008
-- 738604
-- Main Library Open Access Collection
995 ## -
-- BINDERY (DAMAGED)
-- 0.00
-- 738606
-- CBU-MAIN LIBRARY (Kitwe)
-- 1
-- 0.00
-- QC 35 Ava
-- 2
-- DAMAGED
-- Sep 18, 2008
-- 738606
-- Main Library Open Access Collection
999 ## -
-- 62943
-- 62943
Holdings
Withdrawn status Lost status Source of classification or shelving scheme Damaged status Not for loan Permanent Location Current Location Shelving location Date acquired Total Checkouts Full call number Barcode Date last seen Price effective from Koha item type
          CBU-MAIN LIBRARY, KITWE. CBU-MAIN LIBRARY, KITWE.   12/16/2022   QC 35 Ava 738605 12/16/2022 12/16/2022 MONOGRAPH
          CBU-MAIN LIBRARY, KITWE. CBU-MAIN LIBRARY, KITWE.   12/16/2022   QC 35 Ava 738604 12/16/2022 12/16/2022 MONOGRAPH
          CBU-MAIN LIBRARY, KITWE. CBU-MAIN LIBRARY, KITWE.   12/16/2022   QC 35 Ava 738606 12/16/2022 12/16/2022 MONOGRAPH